Provisional (Record no. 121618)
[ view plain ]
| 000 -LEADER | |
|---|---|
| fixed length control field | 02149nam a2200349 a 4500 |
| 082 04 - DEWEY DECIMAL CLASSIFICATION NUMBER | |
| Classification number | 720.23 |
| 245 00 - TITLE STATEMENT | |
| Title | Provisional |
| 260 ## - PUBLICATION, DISTRIBUTION, ETC. (IMPRINT) | |
| Place of publication | New York : |
| Name of publisher | Princeton Architectural Press, |
| Year of publication | c2010. |
| 300 ## - PHYSICAL DESCRIPTION | |
| Number of Pages | 288 p. : |
| Other physical details | ill. (some col.). |
| 505 0# - FORMATTED CONTENTS NOTE | |
| Formatted contents note | Essays. Beyond? / Marc Tsurumaki ; Convergence : toward a digital practice / Chris Hoxie ; The digital design ecosystem : toward a pre-rational architecture / Paul Seletsky -- Completed projects -- Interviews. Chris Hoxie ; Bruce Nichol of Front -- Diagrams -- Interviews. Paul Lewis, David Lewis, and Marc Tsurumaki of Lewis.Tsurumaki.Lewis ; Gregg Pasquarelli, Christopher Sharples, Coren Sharples, and William Sharples of SHOP -- Mock-ups and renderings -- Interviews. Meejin Yoon of MY Studio ; Dennis Shelden of Gehry Technologies ; David Erdman of Servo -- Construction documents -- Interviews. Eric Bunge and Mimi Hoang of nARCHITECTS ; George Yu of George Yu Architects -- Construction/assembly -- Essays. Spread out : the lateral philosophies of George Yu / Neil Denari ; Postscript. |
| 650 #0 - SUBJECT ADDED ENTRY--TOPICAL TERM | |
| Topical Term | Architectural practice |
| 700 1# - ADDED ENTRY--PERSONAL NAME | |
| Personal name | Kedan, Elite. |
| Personal name | Dreyfous, Jon |
| Personal name | Mutter, Craig. |
| 856 40 - ELECTRONIC LOCATION AND ACCESS | |
| Uniform Resource Identifier | http://site.ebrary.com/lib/rucke/Doc?id=10482147 |
No items available.
